000 00658nam a2200217 a 4500
999 _c512
_d512
008 190909r20072012ii a|||gr|||| 001 0 eng d
020 _a9780195675153
_cRs. 199.00
040 _aKO
_beng
041 0 _aeng
044 _aii
082 0 4 _223
_a428.2
_bSe35
100 1 _aSeely, John
245 1 0 _aThe Oxford Guide to Effective Writing and Speaking /
_cJohn Seely
260 _aNew Delhi :
_bOxford University Press,
_c2007, reprint 2012
300 _a312 p. :
_bill. ;
_c23.5 cm.
504 _aIncludes index.
650 0 _aEnglish language
_xWritten English
_vTextbooks
650 0 _aEnglish language
_xSpoken English
_vTextbooks
942 _cBK